000
00314nam a22001337a 4500
008
171030b xxu||||| |||| 00| 0 eng d
020
_a
066906721
041
_a
eng
080
_a
338.5
100
_a
57
101
_a
qmi
245
_a
THE FUTURE OF INTERNATIONAL MONETARY SYSTEMS
_c
TAMIR.A
942
_2
udc
_c
BK
999
_c
36458
_d
36458